000 00510cam a22002171 4500
001 sa 67003823
003 DLC
005 20260227112341.0
008 940801s1962 ii 000 1 pano
010 _asa 67003823
025 _aPL480:I-Pu-820
035 _a(OCoLC)30859831
040 _aDLC
_cCU
_dCU
_dDLC
042 _apremarc
050 0 0 _aPK2659.S587
_bS24
100 1 _aSingh, Sujan,
_d1909-
245 1 0 _aSabha raṅga.
260 _c[1962]
300 _a159 p.
_c18 cm.
500 _aIn Panjabi.
999 _c74099
_d74099